000 00524nam a2200181Ia 4500
001 4475
005 20260306145758.0
008 260306t2005||||xx |||||||||||||| ||spa||
041 _aESP
082 _a323.042
_bR39
100 _aRemy, María Isabel, 1954-
_eAUT
245 0 _aLos múltiples campos de la participación ciudadana en el Perú:
_bun reconocimiento del terreno y algunas reflexiones
260 _c2005
300 _a211, 1 páginas :
_c20 cm.
650 _aGEN
654 _aCHU
942 _cLIB
_dJUS
_fJUS
_2ddc
_n
999 _c4475
_d4475